[Event "Skalica Rapid 2020"]
[Site "Skalica"]
[Date "2020.08.29"]
[Round "2.6"]
[White "Meszaros, Casey Ryan"]
[Black "Chlpek, Daniel"]
[Result "0-1"]
[WhiteElo "1478"]
[BlackElo "1879"]
[Annotator "NA"]
[PlyCount "92"]
[EventDate "2020.08.29"]
[EventType "swiss"]
[EventCountry "SVK"]
[SourceTitle "playchess.com"]
[Source "ChessBase"]
[SourceQuality "1"]
[TimeControl "600+5"]

1. e4 {[%emt 0:00:00]} c6 {[%emt 0:00:00]} 2. d4 {[%emt 0:00:00]} d5 {[%emt 0:00:00]} 3. exd5 {[%emt 0:00:00]} cxd5 {[%emt 0:00:00]} 4. c4 {[%emt 0:00:00]} Nf6 {[%emt 0:00:02]} 5. Nc3 {[%emt 0:00:03]} Nc6 {[%emt 0:00:06]} 6. Nf3 {[%emt 0:01:01]} Bg4 {[%emt 0:00:15]} 7. Be2 {[%emt 0:00:09]} e6 {[%emt 0:00:06]} 8. c5 {[%emt 0:00:09]} Be7 {[%emt 0:00:05] B13: Caro-Kann: Exchange Variation and Panov-Botvinnik Attack.} 9. O-O {[%emt 0:00:07]} O-O {[%emt 0:00:01]} 10. h3 {[%emt 0:00:13]} Bh5 {[%emt 0:00:07]} ({Better is} 10... Bxf3 $15 11. Bxf3 b6) 11. a3 {[%emt 0:00:14]} Ne4 {[%emt 0:00:05] [#]} 12. Ne5 $146 {[%emt 0:01:29]} ({Predecessor:} 12. Bf4 g5 13. Bh2 f5 14. Ne5 Bxe2 15. Nxe2 f4 16. Nxc6 bxc6 17. Nc3 e5 18. Nxe4 dxe4 19. dxe5 Qxd1 20. Rfxd1 Bxc5 {½-½ (39) Arnaez Gil,I (2231)-Cifuentes Parada,R (2526) Pais Vasco 2009}) 12... Bxe2 {[%emt 0:00:07]} 13. Qxe2 {[%emt 0:00:05]} Nxd4 {[%emt 0:00:21]} 14. Qg4 {[%emt 0:00:57]} Nxc3 {[%emt 0:00:42]} 15. bxc3 {[%emt 0:00:09]} Nb3 {[%emt 0:00:03]} 16. Rb1 {[%emt 0:00:06]} Nxc1 {[%emt 0:00:03]} 17. Rfxc1 {[%emt 0:00:05]} Qc7 {[%emt 0:00:07]} 18. Nd3 {[%emt 0:00:48]} Bf6 {[%emt 0:00:07]} 19. c4 {[%emt 0:00:53]} dxc4 {[%emt 0:00:08]} 20. Rxc4 {[%emt 0:00:05]} Rfd8 {[%emt 0:00:41]} 21. Nf4 {[%emt 0:00:15]} Be7 {[%emt 0:00:43]} 22. Re1 {[%emt 0:00:17]} Kh8 {[%emt 0:00:45]} 23. Rc3 {[%emt 0:01:32]} g6 {[%emt 0:00:57]} 24. h4 {[%emt 0:00:34]} Bxc5 {[%emt 0:00:18]} 25. Qg5 {[%emt 0:00:33]} Bxf2+ {[%emt 0:00:11]} 26. Kxf2 {[%emt 0:00:11]} Qxc3 {[%emt 0:00:02]} 27. h5 {[%emt 0:00:21]} Rac8 {[%emt 0:01:25]} 28. h6 {[%emt 0:00:15]} Qc5+ {[%emt 0:00:04]} 29. Qxc5 {[%emt 0:00:08]} Rxc5 {[%emt 0:00:01]} 30. Rb1 {[%emt 0:00:14]} b6 {[%emt 0:00:03]} 31. a4 {[%emt 0:00:11]} Rc4 {[%emt 0:00:03]} 32. Ne2 {[%emt 0:00:17]} Rxa4 {[%emt 0:00:05]} 33. Rc1 {[%emt 0:00:01]} Kg8 {[%emt 0:00:27]} 34. Ng3 {[%emt 0:00:15]} Ra2+ {[%emt 0:00:07]} 35. Kg1 {[%emt 0:00:07]} Rad2 {[%emt 0:00:13]} 36. Kh2 {[%emt 0:00:11]} R2d4 37. Rc7 {[%emt 0:00:19]} a5 $19 {[%emt 0:00:18]} 38. Rb7 {[%emt 0:00:01]} a4 {[%emt 0:00:12]} 39. Rxb6 {[%emt 0:00:11]} Ra8 {[%emt 0:00:01]} 40. Rb1 {[%emt 0:00:03]} a3 {[%emt 0:00:01]} 41. Ra1 {[%emt 0:00:02]} a2 {[%emt 0:00:02]} 42. Ne2 {[%emt 0:00:03]} Rd2 {[%emt 0:00:08]} 43. Nc3 {[%emt 0:00:04]} Rc2 {[%emt 0:00:02]} 44. Ne4 {[%emt 0:00:06]} Rb2 {[%emt 0:00:13]} 45. Kg3 {[%emt 0:00:08]} Rb1 {[%emt 0:00:03]} 46. Nf6+ {[%emt 0:00:03]} Kh8 {[%emt 0:00:03]} 0-1

[Event "Skalica Rapid 2020"]
[Site "Skalica"]
[Date "2020.08.29"]
[Round "2.7"]
[White "Beres Dominik"]
[Black "Samoun Florent"]
[Result "0-1"]
[WhiteElo "1962"]
[BlackElo "2228"]
[Annotator "TA"]
[PlyCount "108"]
[EventDate "2020.08.29"]
[EventType "swiss"]
[EventCountry "SVK"]
[SourceTitle "playchess.com"]
[Source "ChessBase"]
[SourceQuality "1"]

{[%evp 12,108,22,17,24,-16,-14,-31,23,-11,-1,-421,-420,-440,-438,-491,-480,-496,-504,-497,-496,-591,-575,-601,-546,-614,-489,-579,-455,-442,-455,-517,-536,-607,-509,-508,-493,-491,-426,-560,-552,-556,-541,-548,-532,-573,-560,-531,-523,-611,-613,-608,-604,-607,-572,-676,-517,-547,-544,-648,-583,-583,-567,-782,-745,-752,-746,-732,-687,-995,-973,-957,-961,-973,-937,-965,-951,-962,-960,-941,-903,-856,-883,-791,-794,-1055,-1016,-1316,-1313,-1507,-1484,-1432,-1414,-29982,-29983,-29983,-12841,-6651,-1404]} 1. e4 Nf6 2. e5 Nd5 3. Bc4 Nb6 4. Bb3 c5 5. c3 c4 6. Bc2 Nc6 7. Nf3 d5 {B22: Sicilian: 2 c3.} 8. d4 (8. exd6 $5 e5 9. d4 cxd3 10. Qxd3 $11) 8... cxd3 $1 9. Qxd3 Bg4 (9... g6 $15) 10. Bf4 e6 11. Nbd2 $2 {[%mdl 8192] [#] White does not recover from this.} (11. Nd4 $11 {and White stays safe.}) 11... Bf5 $19 {[#]} 12. Qb5 $146 ({Predecessor:} 12. Bg5 Qc7 13. Qe2 Bxc2 14. O-O Bf5 15. Nb3 h6 16. Bh4 g5 17. Bg3 Bg7 18. Nbd4 {0-1 (27) Ausan,L (1168)-Lonyuk,B (1089) LSS email 2012}) 12... Bxc2 13. Nd4 Ba4 14. Qe2 Nxd4 15. cxd4 Qd7 16. Qg4 Bb5 17. f3 g6 18. Bg5 Be7 19. Bh6 Nc4 20. Nxc4 dxc4 ({Much less strong is} 20... Bxc4 21. Kf2 $19) 21. Kf2 O-O-O 22. Rhd1 f5 23. Qf4 Rhg8 24. h4 Qd5 25. a3 Ba4 26. Rd2 Bb3 27. Rc1 Kb8 28. Rc3 Rc8 29. Bg5 Bf8 30. Bh6 Bxh6 31. Qxh6 Rc7 32. Qg5 Rcg7 33. Ke3 Qd8 34. d5 exd5 {White must now prevent ...Qb6+.} 35. Rd4 Qxg5+ 36. hxg5 Rd8 37. Kf4 Kc7 38. g4 fxg4 39. Kxg4 Kc6 40. Kf4 Kc5 41. Ke3 b5 42. Rc1 a5 43. f4 Re7 44. Rf1 Rde8 45. Rd2 Rd7 46. Rd4 b4 47. axb4+ axb4 48. Rc1 Ra7 49. Rd2 Ra2 50. Rf2 d4+ 51. Kf3 c3 52. Ke4 Bd5+ 53. Kd3 Bc4+ 54. Ke4 Be6 {Accuracy: White = 29%, Black = 79%.} 0-1

[Event "Skalica Rapid 2020"]
[Site "Skalica"]
[Date "2020.08.29"]
[Round "2.7"]
[White "Nemsak, Denis"]
[Black "Fajtakova, Silvia"]
[Result "1-0"]
[WhiteElo "1869"]
[BlackElo "1509"]
[Annotator "NA"]
[PlyCount "71"]
[EventDate "2020.08.29"]
[EventType "swiss"]
[EventCountry "SVK"]
[SourceTitle "playchess.com"]
[Source "ChessBase"]
[SourceQuality "1"]
[TimeControl "600+5"]

1. c4 {[%emt 0:00:00]} c5 {[%emt 0:00:00]} 2. Nc3 {[%emt 0:00:00]} d6 {[%emt 0:00:00]} 3. g3 {[%emt 0:00:01]} Nc6 {[%emt 0:00:03]} 4. Bg2 {[%emt 0:00:01]} Bd7 {[%emt 0:00:01]} 5. Nf3 {[%emt 0:00:02]} Nf6 {[%emt 0:00:05]} 6. O-O {[%emt 0:00:02]} Qc8 {[%emt 0:00:08]} 7. Re1 {[%emt 0:00:03]} Bh3 {[%emt 0:00:04]} 8. Bh1 {[%emt 0:00:03]} g6 {[%emt 0:00:16]} 9. d4 {[%emt 0:00:02]} cxd4 {[%emt 0:00:28]} 10. Nxd4 {[%emt 0:00:01]} Ne5 {[%emt 0:00:05]} 11. b3 {[%emt 0:00:04]} Bg7 {[%emt 0:00:20]} 12. Bb2 {[%emt 0:00:02]} Neg4 {[%emt 0:00:14]} 13. Rc1 {[%emt 0:00:18]} Nd7 {[%emt 0:00:22]} 14. Ne4 {[%emt 0:00:27]} Bh6 {[%emt 0:00:39]} 15. Nb5 {[%emt 0:00:16]} Qd8 {[%emt 0:01:55]} 16. Bxh8 {[%emt 0:00:13]} Bxc1 {[%emt 0:00:07]} 17. Qxc1 {[%emt 0:00:02]} f6 {[%emt 0:00:02]} 18. Nbxd6+ {[%emt 0:00:09]} exd6 {[%emt 0:00:20]} 19. Nxd6+ {[%emt 0:00:01]} Ke7 {[%emt 0:00:07]} 20. Qa3 {[%emt 0:00:32]} Qc7 {[%emt 0:01:40]} 21. Nb5+ Qc5 {[%emt 0:00:00]} 22. Qxc5+ {[%emt 0:00:21]} Nxc5 23. Bd5 {[%emt 0:00:25]} Rxh8 {[%emt 0:00:09]} 24. e4 {[%emt 0:00:21]} Nd3 {[%emt 0:00:05]} 25. Re2 {[%emt 0:00:03]} Ndxf2 {[%emt 0:00:04]} 26. Rxf2 {[%emt 0:00:01]} Nxf2 {[%emt 0:00:01]} 27. Kxf2 {[%emt 0:00:01]} b6 {[%emt 0:00:11]} 28. Nd4 {[%emt 0:00:03]} Kd6 {[%emt 0:00:18]} 29. Kf3 {[%emt 0:00:10]} Re8 {[%emt 0:00:10]} 30. b4 {[%emt 0:00:14]} a6 {[%emt 0:00:10]} 31. a4 {[%emt 0:00:04]} f5 {[%emt 0:00:08]} 32. exf5 {[%emt 0:00:04]} gxf5 {[%emt 0:00:01]} 33. Kf4 {[%emt 0:00:16]} Rf8 {[%emt 0:00:26]} 34. a5 {[%emt 0:00:19]} bxa5 {[%emt 0:00:07]} 35. bxa5 {[%emt 0:00:00]} Kc5 {[%emt 0:00:14]} 36. Ne6+ {[%emt 0:00:02]} 1-0

[Event "Skalica Rapid 2020"]
[Site "Skalica"]
[Date "2020.08.29"]
[Round "2.8"]
[White "Petran Peter"]
[Black "Pniaczek Marek"]
[Result "1-0"]
[WhiteElo "2219"]
[BlackElo "1969"]
[Annotator "ChessBase"]
[PlyCount "55"]
[EventDate "2020.08.29"]
[EventType "swiss"]
[EventCountry "SVK"]
[SourceTitle "playchess.com"]
[Source "ChessBase"]
[SourceQuality "1"]
[TimeControl "600+5"]

1. g3 {[%emt 0:00:00]} Nf6 {[%emt 0:00:00]} 2. Bg2 {[%emt 0:00:05]} d5 {[%emt 0:00:09]} 3. Nf3 {[%emt 0:00:00]} g6 {[%emt 0:00:04]} 4. O-O {[%emt 0:00:00]} Bg7 {[%emt 0:00:01]} 5. d3 {[%emt 0:00:01]} O-O {[%emt 0:00:05]} 6. Nbd2 {[%emt 0:00:05]} c5 {[%emt 0:00:43]} 7. e4 {[%emt 0:00:00]} Nc6 {[%emt 0:00:10]} 8. c3 {[%emt 0:00:11]} e5 {[%emt 0:00:14]} 9. Re1 {[%emt 0:00:13]} Re8 {[%emt 0:00:02]} 10. Qc2 {[%emt 0:00:20]} b6 {[%emt 0:00:18]} 11. a4 {[%emt 0:00:21]} Bb7 {[%emt 0:00:07]} 12. Nf1 {[%emt 0:00:42]} Rc8 {[%emt 0:00:10]} 13. Bg5 {[%emt 0:00:32]} d4 {[%emt 0:00:22]} 14. N1d2 {[%emt 0:00:27]} Na5 {[%emt 0:01:50]} 15. Rad1 {[%emt 0:00:41]} h6 {[%emt 0:00:19]} 16. Bxf6 {[%emt 0:00:02]} Qxf6 {[%emt 0:00:16]} 17. Qb1 {[%emt 0:00:19]} dxc3 {[%emt 0:00:54]} 18. bxc3 {[%emt 0:00:02]} Red8 {[%emt 0:00:09]} 19. Nf1 {[%emt 0:00:38]} h5 {[%emt 0:00:52]} 20. Ne3 {[%emt 0:00:12]} Bh6 {[%emt 0:00:17]} 21. Nd5 {[%emt 0:00:19]} Bxd5 {[%emt 0:00:15]} 22. exd5 {[%emt 0:00:01]} Rxd5 {[%emt 0:00:01]} 23. c4 {[%emt 0:00:10]} Rdd8 {[%emt 0:00:23]} 24. Nxe5 {[%emt 0:00:05]} Re8 {[%emt 0:00:35]} 25. f4 {[%emt 0:00:04]} Bxf4 {[%emt 0:01:04]} 26. gxf4 {[%emt 0:00:14]} Qxf4 {[%emt 0:00:01]} 27. Qb2 {[%emt 0:00:45]} Kh7 {[%emt 0:01:32]} 28. Re4 {[%emt 0:00:44]} 1-0

[Event "Skalica Rapid 2020"]
[Site "Skalica"]
[Date "2020.08.29"]
[Round "2.8"]
[White "Sevcikova, Lucia"]
[Black "Dubanova, Kristina"]
[Result "0-1"]
[WhiteElo "1801"]
[BlackElo "1128"]
[Annotator "NA"]
[PlyCount "59"]
[EventDate "2020.08.29"]
[EventType "swiss"]
[EventCountry "SVK"]
[SourceTitle "playchess.com"]
[Source "ChessBase"]
[SourceQuality "1"]
[TimeControl "600+5"]

1. e4 {[%emt 0:00:00]} e5 {[%emt 0:00:00]} 2. Nf3 {[%emt 0:00:00]} Nc6 {[%emt 0:00:00]} 3. Bc4 {[%emt 0:00:00]} Nf6 {[%emt 0:00:08]} 4. Ng5 {[%emt 0:00:02]} d5 {[%emt 0:00:06]} 5. exd5 {[%emt 0:00:01]} Na5 {[%emt 0:00:01]} 6. Bb5+ {[%emt 0:00:01]} c6 {[%emt 0:00:04]} 7. dxc6 {[%emt 0:00:01]} Nxc6 {[%emt 0:01:36]} 8. Bxc6+ {[%emt 0:00:07]} bxc6 {[%emt 0:00:02]} 9. d3 {[%emt 0:00:02]} Bc5 {[%emt 0:00:08]} 10. Nc3 {[%emt 0:00:25]} Bf5 {[%emt 0:00:38]} 11. Qf3 {[%emt 0:00:27]} Qd7 {[%emt 0:01:02]} 12. Nge4 {[%emt 0:00:10]} Nxe4 {[%emt 0:01:22]} 13. Nxe4 {[%emt 0:00:02]} Bxe4 {[%emt 0:00:19]} 14. Qxe4 {[%emt 0:00:02]} Qd6 {[%emt 0:00:35]} 15. O-O {[%emt 0:00:20]} O-O {[%emt 0:00:09]} 16. Re1 {[%emt 0:00:06]} f6 {[%emt 0:00:20]} 17. Be3 {[%emt 0:00:07]} Bb6 {[%emt 0:00:21]} 18. Rad1 {[%emt 0:00:18]} f5 {[%emt 0:00:48]} 19. Qc4+ {[%emt 0:00:03]} Kh8 {[%emt 0:00:07]} 20. a3 {[%emt 0:00:28]} Rae8 {[%emt 0:00:36]} 21. Bxb6 {[%emt 0:00:26]} axb6 {[%emt 0:00:05]} 22. Re3 {[%emt 0:00:14]} Rf6 {[%emt 0:00:48]} 23. Rde1 {[%emt 0:00:28]} Rh6 24. Qf7 {[%emt 0:00:46]} Ree6 {[%emt 0:02:05]} 25. Rg3 {[%emt 0:00:43]} Rhg6 {[%emt 0:00:31]} 26. Qxf5 {[%emt 0:00:14]} Rgf6 {[%emt 0:00:12]} 27. Qg4 {[%emt 0:00:14]} Rg6 {[%emt 0:00:05]} 28. Qe4 {[%emt 0:00:06]} Rgf6 {[%emt 0:00:05]} 29. Rf3 {[%emt 0:00:22]} Rg6 {[%emt 0:00:05]} 30. Rf5 {[%emt 0:00:14]} 0-1

[Event "Skalica Rapid 2020"]
[Site "Skalica"]
[Date "2020.08.29"]
[Round "2.9"]
[White "Majoros Rozsa Evelin"]
[Black "Matejovic Juraj"]
[Result "0-1"]
[WhiteElo "1936"]
[BlackElo "2219"]
[Annotator "ChessBase"]
[PlyCount "70"]
[EventDate "2020.08.29"]
[EventType "swiss"]
[EventCountry "SVK"]
[SourceTitle "playchess.com"]
[Source "ChessBase"]
[SourceQuality "1"]
[TimeControl "600+5"]

1. e4 {[%emt 0:00:00]} c5 {[%emt 0:00:00]} 2. Nf3 {[%emt 0:00:00]} e6 {[%emt 0:00:00]} 3. d4 {[%emt 0:00:01]} cxd4 {[%emt 0:00:01]} 4. Nxd4 {[%emt 0:00:01]} Nc6 {[%emt 0:00:01]} 5. Nb5 {[%emt 0:00:02]} Nf6 {[%emt 0:00:11]} 6. N1c3 {[%emt 0:00:47]} Bb4 {[%emt 0:00:18]} 7. a3 {[%emt 0:00:22]} Bxc3+ {[%emt 0:00:06]} 8. Nxc3 {[%emt 0:00:01]} d5 {[%emt 0:00:02]} 9. exd5 {[%emt 0:00:12]} exd5 {[%emt 0:00:02]} 10. Bd3 {[%emt 0:00:10]} O-O {[%emt 0:00:07]} 11. O-O {[%emt 0:00:03]} d4 {[%emt 0:00:03]} 12. Ne4 {[%emt 0:00:23]} Bf5 {[%emt 0:00:04]} 13. Bg5 {[%emt 0:00:32]} Bxe4 {[%emt 0:00:03]} 14. Bxe4 {[%emt 0:00:08]} h6 {[%emt 0:00:06]} 15. Bxf6 {[%emt 0:00:42]} Qxf6 {[%emt 0:00:02]} 16. b4 {[%emt 0:00:08]} Rac8 {[%emt 0:01:56]} 17. Re1 {[%emt 0:00:23]} Rfd8 {[%emt 0:01:44]} 18. Qe2 {[%emt 0:00:34]} d3 {[%emt 0:03:35]} 19. Bxd3 {[%emt 0:00:57]} Nd4 {[%emt 0:00:20]} 20. Qe4 {[%emt 0:00:19]} g6 {[%emt 0:00:11]} 21. Rad1 {[%emt 0:00:34]} Kg7 {[%emt 0:00:45]} 22. h3 {[%emt 0:00:27]} b6 {[%emt 0:00:08]} 23. Qe7 {[%emt 0:01:09]} Rc3 {[%emt 0:01:29]} 24. a4 {[%emt 0:00:56]} Nc6 {[%emt 0:00:38]} 25. Qe4 {[%emt 0:00:29]} Rd4 {[%emt 0:00:02]} 26. Qe8 {[%emt 0:00:32]} Nxb4 {[%emt 0:00:07]} 27. Qb8 {[%emt 0:00:43]} Nxc2 {[%emt 0:00:07]} 28. Bxc2 {[%emt 0:00:43]} Rxc2 {[%emt 0:00:02]} 29. Qg3 {[%emt 0:00:05]} Rxa4 {[%emt 0:00:06]} 30. Rd6 {[%emt 0:00:25]} Qg5 {[%emt 0:00:08]} 31. Qf3 {[%emt 0:00:21]} Rf4 {[%emt 0:00:05]} 32. Qa3 {[%emt 0:00:04]} Rcxf2 {[%emt 0:00:03]} 33. Qa1+ {[%emt 0:00:01]} Kh7 {[%emt 0:00:03]} 34. g4 {[%emt 0:00:11]} Qh4 {[%emt 0:00:07]} 35. Re3 {[%emt 0:00:15]} Rf1+ {[%emt 0:00:06]} 0-1

[Event "Skalica Rapid 2020"]
[Site "Skalica"]
[Date "2020.08.29"]
[Round "2.9"]
[White "Romanova, Ela"]
[Black "Stos, Radek"]
[Result "0-1"]
[WhiteElo "1529"]
[BlackElo "1790"]
[Annotator "NA"]
[PlyCount "62"]
[EventDate "2020.08.29"]
[EventType "swiss"]
[EventCountry "SVK"]
[SourceTitle "playchess.com"]
[Source "ChessBase"]
[SourceQuality "1"]
[TimeControl "600+5"]

1. e4 {[%emt 0:00:00]} c5 {[%emt 0:00:00]} 2. Nf3 {[%emt 0:00:01]} Nc6 {[%emt 0:00:00]} 3. Bb5 {[%emt 0:00:01]} d6 {[%emt 0:00:00]} 4. c3 {[%emt 0:00:14]} Bd7 {[%emt 0:00:01]} 5. d4 {[%emt 0:00:04]} cxd4 {[%emt 0:00:02]} 6. cxd4 {[%emt 0:00:02]} Nf6 {[%emt 0:00:03]} 7. Nc3 {[%emt 0:00:06]} g6 {[%emt 0:00:03]} 8. O-O {[%emt 0:00:07]} Bg7 {[%emt 0:00:02]} 9. Be3 {[%emt 0:00:16]} O-O {[%emt 0:00:02]} 10. Qd2 {[%emt 0:00:05]} a6 {[%emt 0:00:03]} 11. Ba4 {[%emt 0:00:17]} b5 {[%emt 0:00:02]} 12. Bb3 {[%emt 0:00:04]} Na5 {[%emt 0:00:02]} 13. Bh6 {[%emt 0:00:18]} Rc8 {[%emt 0:00:17]} 14. Bxg7 {[%emt 0:00:32]} Kxg7 {[%emt 0:00:02]} 15. e5 {[%emt 0:00:39]} Ng4 {[%emt 0:00:47]} 16. h3 {[%emt 0:00:28]} Nh6 {[%emt 0:00:02]} 17. Rfe1 {[%emt 0:02:28]} Nc4 {[%emt 0:00:12]} 18. Bxc4 {[%emt 0:00:12]} Rxc4 {[%emt 0:00:03]} 19. b3 {[%emt 0:00:44]} Rc8 {[%emt 0:00:06]} 20. exd6 {[%emt 0:00:15]} exd6 {[%emt 0:00:02]} 21. Qf4 {[%emt 0:00:34]} Rxc3 {[%emt 0:00:16]} 22. Qxd6 {[%emt 0:00:10]} Rxf3 {[%emt 0:00:09]} 23. gxf3 {[%emt 0:00:53]} Bxh3 {[%emt 0:00:03]} 24. Qe5+ {[%emt 0:00:39]} Kg8 {[%emt 0:00:05]} 25. Kh2 {[%emt 0:00:29]} Be6 {[%emt 0:00:07]} 26. Rad1 {[%emt 0:00:25]} Qh4+ {[%emt 0:00:07]} 27. Kg1 {[%emt 0:00:14]} Nf5 {[%emt 0:01:12]} 28. Re4 {[%emt 0:00:55]} Qh3 {[%emt 0:00:38]} 29. Rf4 {[%emt 0:01:06]} Nh4 {[%emt 0:00:08]} 30. Qg5 {[%emt 0:00:04]} Nxf3+ {[%emt 0:00:08]} 31. Rxf3 {[%emt 0:00:02]} Qxf3 {[%emt 0:00:03]} 0-1

[Event "Skalica Rapid 2020"]
[Site "Skalica"]
[Date "2020.08.29"]
[Round "2.10"]
[White "Abel Peter"]
[Black "Beres Tomas"]
[Result "1-0"]
[WhiteElo "2200"]
[BlackElo "1956"]
[Annotator "ChessBase"]
[PlyCount "99"]
[EventDate "2020.08.29"]
[EventType "swiss"]
[EventCountry "SVK"]
[SourceTitle "playchess.com"]
[Source "ChessBase"]
[SourceQuality "1"]
[TimeControl "600+5"]

1. c4 {[%emt 0:00:00]} c5 {[%emt 0:00:00]} 2. Nc3 {[%emt 0:00:02]} Nc6 {[%emt 0:00:00]} 3. g3 {[%emt 0:00:01]} g6 {[%emt 0:00:00]} 4. Bg2 {[%emt 0:00:06]} Bg7 {[%emt 0:00:00]} 5. Nf3 {[%emt 0:00:00]} Nf6 {[%emt 0:00:00]} 6. d4 {[%emt 0:00:00]} cxd4 {[%emt 0:00:00]} 7. Nxd4 {[%emt 0:00:00]} O-O {[%emt 0:00:02]} 8. O-O {[%emt 0:00:02]} Nxd4 {[%emt 0:00:03]} 9. Qxd4 {[%emt 0:00:02]} d6 {[%emt 0:00:01]} 10. Rd1 {[%emt 0:00:16]} Nd7 {[%emt 0:00:03]} 11. Qd2 {[%emt 0:00:19]} a5 {[%emt 0:00:04]} 12. Rb1 {[%emt 0:00:43]} Nc5 {[%emt 0:00:08]} 13. e4 {[%emt 0:01:06]} a4 {[%emt 0:01:27]} 14. Nd5 {[%emt 0:00:20]} Bg4 {[%emt 0:00:20]} 15. f3 {[%emt 0:00:40]} Be6 {[%emt 0:00:01]} 16. Qe2 {[%emt 0:00:05]} Bxd5 {[%emt 0:01:55]} 17. Rxd5 {[%emt 0:00:08]} Qa5 {[%emt 0:00:53]} 18. Kh1 {[%emt 0:00:55]} Rab8 {[%emt 0:01:19]} 19. Bd2 {[%emt 0:00:39]} Qa6 {[%emt 0:00:20]} 20. Be3 {[%emt 0:00:27]} Rfc8 {[%emt 0:01:00]} 21. Bf1 {[%emt 0:00:20]} Nd7 {[%emt 0:01:07]} 22. Rb5 {[%emt 0:00:27]} b6 {[%emt 0:00:51]} 23. f4 {[%emt 0:02:35]} Nc5 {[%emt 0:00:14]} 24. Bg2 {[%emt 0:00:01]} Ne6 {[%emt 0:00:06]} 25. Rd1 {[%emt 0:00:05]} Nc5 {[%emt 0:00:45]} 26. Bf3 {[%emt 0:00:08]} Rc7 {[%emt 0:00:08]} 27. Kg2 {[%emt 0:00:03]} Rbc8 {[%emt 0:00:10]} 28. Bf2 {[%emt 0:00:32]} Nd7 {[%emt 0:00:17]} 29. b3 {[%emt 0:00:09]} axb3 {[%emt 0:00:02]} 30. axb3 {[%emt 0:00:01]} Nc5 {[%emt 0:00:07]} 31. Rd2 {[%emt 0:00:29]} Ra7 {[%emt 0:00:06]} 32. Bg4 {[%emt 0:00:25]} Rca8 {[%emt 0:00:15]} 33. Bf3 {[%emt 0:00:02]} Rc8 {[%emt 0:00:08]} 34. b4 {[%emt 0:00:21]} Na4 {[%emt 0:00:42]} 35. c5 {[%emt 0:01:02]} Nc3 {[%emt 0:00:04]} 36. Rxb6 {[%emt 0:00:04]} Nxe2 {[%emt 0:00:12]} 37. Rxa6 {[%emt 0:00:01]} Rxa6 {[%emt 0:00:05]} 38. Bxe2 {[%emt 0:00:02]} Ra4 {[%emt 0:00:00]} 39. cxd6 {[%emt 0:00:02]} exd6 {[%emt 0:00:01]} 40. b5 {[%emt 0:00:04]} Rxe4 {[%emt 0:00:10]} 41. Bf3 {[%emt 0:00:05]} Rb4 {[%emt 0:00:01]} 42. Bc6 {[%emt 0:00:00]} Rb8 {[%emt 0:00:09]} 43. Rxd6 {[%emt 0:00:02]} R4xb5 {[%emt 0:00:07]} 44. Bxb5 {[%emt 0:00:01]} Rxb5 {[%emt 0:00:01]} 45. Rd8+ {[%emt 0:00:05]} Bf8 {[%emt 0:00:00]} 46. Bd4 {[%emt 0:00:01]} f5 {[%emt 0:00:09]} 47. Be5 {[%emt 0:00:06]} Kf7 {[%emt 0:00:02]} 48. Rd7+ {[%emt 0:00:00]} Kg8 {[%emt 0:00:12]} 49. h4 {[%emt 0:00:06]} Rc5 {[%emt 0:00:10]} 50. Rd8 {[%emt 0:00:03]} 1-0

[Event "Skalica Rapid 2020"]
[Site "Skalica"]
[Date "2020.08.29"]
[Round "2.11"]
[White "Danada Tomas"]
[Black "Jurakic Lukas"]
[Result "0-1"]
[WhiteElo "2122"]
[BlackElo "1918"]
[Annotator "ChessBase"]
[PlyCount "82"]
[EventDate "2020.08.29"]
[EventType "swiss"]
[EventCountry "SVK"]
[SourceTitle "playchess.com"]
[Source "ChessBase"]
[SourceQuality "1"]
[TimeControl "600+5"]

1. e3 {[%emt 0:00:00]} Nf6 {[%emt 0:00:00]} 2. Nf3 {[%emt 0:00:00]} d5 {[%emt 0:00:04]} 3. c4 {[%emt 0:00:00]} c6 {[%emt 0:00:03]} 4. b3 {[%emt 0:00:18]} Bg4 {[%emt 0:00:13]} 5. h3 {[%emt 0:00:08]} Bxf3 {[%emt 0:00:08]} 6. gxf3 {[%emt 0:00:11]} e5 {[%emt 0:00:08]} 7. Bb2 {[%emt 0:00:04]} d4 {[%emt 0:00:19]} 8. f4 {[%emt 0:01:15]} dxe3 {[%emt 0:00:39]} 9. dxe3 {[%emt 0:00:04]} Bb4+ {[%emt 0:00:11]} 10. Ke2 {[%emt 0:00:19]} Qxd1+ {[%emt 0:00:52]} 11. Kxd1 {[%emt 0:00:01]} exf4 {[%emt 0:00:03]} 12. exf4 {[%emt 0:00:10]} Nbd7 {[%emt 0:00:05]} 13. Ke2 {[%emt 0:00:32]} O-O-O {[%emt 0:00:10]} 14. Rg1 {[%emt 0:00:22]} Rhe8+ {[%emt 0:00:05]} 15. Kf3 {[%emt 0:00:02]} g6 {[%emt 0:00:50]} 16. Nc3 {[%emt 0:03:15]} Nc5 {[%emt 0:01:13]} 17. Rd1 {[%emt 0:00:14]} Rxd1 {[%emt 0:00:23]} 18. Nxd1 {[%emt 0:00:01]} Nfe4 {[%emt 0:00:07]} 19. a3 {[%emt 0:00:46]} Be1 {[%emt 0:00:27]} 20. b4 {[%emt 0:00:05]} Na4 {[%emt 0:01:59]} 21. Be5 {[%emt 0:01:05]} Nd2+ {[%emt 0:00:25]} 22. Kg3 {[%emt 0:00:15]} f6 {[%emt 0:00:17]} 23. Bd4 {[%emt 0:00:15]} Rd8 {[%emt 0:00:39]} 24. Bxa7 {[%emt 0:00:51]} Nxf1+ {[%emt 0:00:14]} 25. Rxf1 {[%emt 0:00:04]} Rxd1 {[%emt 0:00:01]} 26. b5 {[%emt 0:00:28]} cxb5 {[%emt 0:00:10]} 27. cxb5 {[%emt 0:00:01]} b6 {[%emt 0:00:07]} 28. Kf3 {[%emt 0:00:03]} Kb7 {[%emt 0:00:11]} 29. Bxb6 {[%emt 0:00:13]} Kxb6 {[%emt 0:00:01]} 30. f5 {[%emt 0:00:15]} gxf5 {[%emt 0:00:09]} 31. Rg1 {[%emt 0:00:01]} Nc3 {[%emt 0:00:16]} 32. Rg7 {[%emt 0:00:07]} Rd2 {[%emt 0:00:14]} 33. Rxh7 {[%emt 0:00:19]} Rxf2+ {[%emt 0:00:03]} 34. Ke3 {[%emt 0:00:09]} f4+ {[%emt 0:00:16]} 35. Kd3 {[%emt 0:00:06]} Kxb5 {[%emt 0:00:25]} 36. Rh6 {[%emt 0:00:15]} Nd5 {[%emt 0:00:21]} 37. Ke4 {[%emt 0:00:10]} Kc4 {[%emt 0:00:08]} 38. h4 {[%emt 0:00:28]} Re2+ {[%emt 0:00:02]} 39. Kf3 {[%emt 0:00:06]} Re3+ {[%emt 0:00:03]} 40. Kg2 {[%emt 0:00:01]} f3+ {[%emt 0:00:02]} 41. Kf1 {[%emt 0:00:01]} Bg3 {[%emt 0:00:03]} 0-1